000 01094nam a22002657a 4500
005 20230920172032.0
010 _aENG-112517 ENG-137139
020 _a9789381904534
_c880.00
035 _aEN-96049 EN120671
037 _bDBAD/PUB
082 _a358.400954
_2Second
100 _aJasjit Singh
_957198
245 0 0 _aDefence from the skies :
_cby Jasjit Singh
_bIndian Air Force through 80 years /
246 _aDefence from the skies :
_bIndian Air Force through 80 years
246 _aDefence from the skies :
_beighty years of the Indian Air Force
250 _a2nd ed
260 _aNew Delhi
_bKW Publishers in association with Centre for Air Power Studies
_c2013
270 _a4676/21, First Floor, Ansari Road, Daryaganj,
_bNew Delhi
_e110002
300 _axxix,300p.
_c24cm(Hb)
500 _aIncludes index
610 _a India.
_bIndian Air Force
_xHistory.
_957199
650 _aAeronautics, Military
_zIndia
_xHistory.
_957200
710 _aCentre for Air Power Studies (New Delhi, India),
_eissuing body.
_957201
942 _2ddc
_cEN
_mJAS
_h358.400954
_eSecond
999 _c92539
_d92539